Algunas reflexiones psicosociales sobre la fármacodependencia /
Se ve en la fármacodependencia una consecuencia de la sociedad en crisis y no su causa. Se considera que la preocupación cada vez mayor por ejercer un control de la producción, el tráfico y el consumo de una serie de sustancias alteradoras de la conciencia, más conocidas como drogas, es motivada por...
Uloženo v:
| Hlavní autor: | |
|---|---|
| Médium: | Text |
| Témata: | |
| Tagy: |
Přidat tag
Žádné tagy, Buďte první, kdo vytvoří štítek k tomuto záznamu!
|
MARC
| LEADER | 00000 a a2200000 04500 | ||
|---|---|---|---|
| 001 | 13340 | ||
| 003 | |||
| 040 | |||
| 100 | |a Sáenz Rojas, Mario Alberto | ||
| 245 | |a Algunas reflexiones psicosociales sobre la fármacodependencia / |c Mario Alberto Sáenz Rojas | ||
| 520 | |a Se ve en la fármacodependencia una consecuencia de la sociedad en crisis y no su causa. Se considera que la preocupación cada vez mayor por ejercer un control de la producción, el tráfico y el consumo de una serie de sustancias alteradoras de la conciencia, más conocidas como drogas, es motivada por factores de tipo económico y político. En un inicio la prohibición de las drogas tuvo que ver con el racismo, luego con la rebelión juvenil y en la actualidad con problemas de seguridad nacional |a en ocasiones se relaciona con problemas económicos en América Latina. Seguidamente se habla sobre la marihuana y se añade que si bien es cierto es una droga prohibida, no se registra como causalidad de muerte en la literatura médica y por el contrario se ha demostrado que es provechosa en el tratamiento del glaucoma, enfermedades musculares y náuseas provadas por el tratamiento del cáncer y el sida. Por otra parte se indica que el mundo de la droga conduce directamente a la interdependencia con el mundo desarrollado y obliga a buscar conexiones entre la violencia de la pobreza extremas y la de las urbes industriales, además de las disputas del mercado de la droga o de la desesperación de los adictos. En síntesis es un problema bastante complejo en el cual participan muchas variables entre ellas sociales y psicológicas, como las más destacables. OB/LOB | ||
| 650 | |a FARMACOLOGIA | ||
| 650 | |a CIENCIAS MEDICAS | ||
| 650 | |a ASPECTOS SOCIALES | ||
| 650 | |a PSICOLOGIA | ||
| 773 | |g número 17; páginas 35-42 | ||
| 999 | |c 38429 |d 38429 | ||
